Wszyscy przeciwnicy Polski w eliminacjach do mistrzostw świata - Statystyki

Ogólne statystyki
  • Ten quiz został rozwiązany 33 razy
  • Średni wynik to 36 z 40
Statystyki odpowiedzi
Mecze Reprezentacja % Poprawnych
12 Anglia
100%
2 Belgia
100%
4 Dania
100%
6 Finlandia
100%
6 Holandia
100%
2 NRD
100%
4 Ukraina
100%
2 Białoruś
97%
2 Luksemburg
97%
2 Portugalia
97%
3 Szwecja
97%
4 Włochy
97%
4 Norwegia
94%
8 San Marino
94%
2 Słowacja
94%
2 Andora
91%
2 Austria
91%
2 Bułgaria
91%
4 Czarnogóra
91%
2 Czechy
91%
4 Irlandia Północna
91%
2 Litwa
91%
4 Mołdawia
91%
2 Rumunia
91%
2 Szkocja
91%
6 Walia
91%
2 Węgry
91%
4 Armenia
88%
2 Grecja
88%
4 Malta
88%
2 Azerbejdżan
84%
2 Turcja
81%
6 Albania
78%
4 Jugosławia
78%
2 Kazachstan
78%
2 Słowenia
78%
2 Cypr
72%
2 Gruzja
72%
3 Związek Radziecki
72%
2 Czechosłowacja
63%
Nie znaleziono quizów pasujących do podanych kryteriów
Rozkład punktacji
Procent ludzi z każdym wynikiem
Percentyl według liczby udzielonych odpowiedzi
Twoja historia wyników
Nie rozwiązałeś tego quizu